| 000 | 00000nam##2200000za#4500 |
| 001 | 9.588015 |
| 003 | CaOODSP |
| 005 | 20210624194920 |
| 007 | cr ||||||||||| |
| 008 | 150406|2007||||xxc|||||o f|0| 0 eng|d |
| 022 | |a1701-1280 |
| 040 | |aCaOODSP|beng |
| 041 | |aeng |
| 041 | |afre |
| 043 | |an-cn--- |
| 086 | 1 |aFs70-4/2006-030-PDF |
| 110 | 1 |aCanada. |bDepartment of Fisheries and Oceans. |
| 245 | 10|aProceedings of the review of DFO science information for smooth skate (Malacoraja senta) relevant to status assessment by COSEWIC : |h[electronic resource]|b2-4 October 2006 - The Fluvarium, 5 Nagle's Place, St. John's, NL / |cmeeting chairperson D.W. Kulka ; [by] R. McPhie. |
| 260 | |aSt. John's - Newfoundland and Labrador : |bFisheries and Oceans Canada |cMarch 2007. |
| 300 | |a66p.|btable |
| 490 | 1 |aCanadian Science Advisory Secretariat proceedings series|x1701-1280|v2006/030 |
| 590 | |a11-31-Supp|b2011-12-13 |
| 720 | 1 |aKulka, D. W. |
| 720 | 1 |aMcPhie, R. |
| 792 | |tCompte rendu de l'examen de l'information dont dispose le secteur des Sciences du MPO et qui est pertinente pour l'évaluation, par le COSEPAC, de la situation de la raie à queue de velours (Malacoraja senta) : |efre|w(CaOODSP)9.588016 |
| 830 | #0|aProceedings series (Canadian Science Advisory Secretariat)|x1701-1280|v2006/030|w(CaOODSP)9.500507 |
| 856 | 40|ahttp://publications.gc.ca|qPDF|s403 KB|uhttps://publications.gc.ca/collections/collection_2011/mpo-dfo/Fs70-4-2006-030.pdf|y2006/030 |